Обзоры состояния отдельных вопросов радиоэлектроники. 1967, вып. 18: Ведущие узлы лентопротяжных механизмов аппаратуры магнитной записи (Запись № 9139963)

Подробности
000 -МАРКЕР
контрольное поле 01721nam2a22003251 4500
001 - ИДЕНТИФИКАТОР ЗАПИСИ
контрольное поле rc\4994156
005 - ИДЕНТИФИКАТОР ВЕРСИИ
контрольное поле 20250613054733.0
035 ## - ДРУГИЕ СИСТЕМНЫЕ НОМЕРА
Идентификатор записи (NLR Aleph) 008973515
100 ## - ДАННЫЕ ОБЩЕЙ ОБРАБОТКИ
Данные общей обработки 20130430d1967 |||y0rusy50 ca
101 0# - ЯЗЫК РЕСУРСА
Язык текста, звукозаписи и т.д. русский
102 ## - СТРАНА ПУБЛИКАЦИИ ИЛИ ПРОИЗВОДСТВА
Страна публикации Российская Федерация
105 ## - ПОЛЕ КОДИРОВАННЫХ ДАННЫХ: ТЕКСТОВЫЕ МАТЕРИАЛЫ, МОНОГРАФИЧЕСКИЕ
Кодированные данные о монографическом текстовом документе a z |||||
200 1# - ЗАГЛАВИЕ И СВЕДЕНИЯ ОБ ОТВЕТСТВЕННОСТИ
Основное заглавие Ведущие узлы лентопротяжных механизмов аппаратуры магнитной записи
Первые сведения об ответственности М-во радиопром-сти. СССР
210 ## - ПУБЛИКАЦИЯ, РАСПРОСТРАНЕНИЕ И ДР.
Место издания, распространения и т.д. Б. м.
Имя издателя, распространителя и т. д. Б. и.
Дата издания, распространения и т.д. 1967
215 ## - ФИЗИЧЕСКАЯ ХАРАКТЕРИСТИКА
Специфическое обозначение материала и объем 84 с.
Другие сведения о физической характеристике ил.
Размеры 20
225 2# - СЕРИЯ
Основное заглавие серии Обзоры состояния отдельных вопросов радиоэлектроники
Обозначение тома Вып. 18
300 ## - ОБЩИЕ ПРИМЕЧАНИЯ
Текст примечания Сост. указаны на обороте тит. л.
300 ## - ОБЩИЕ ПРИМЕЧАНИЯ
Текст примечания Отпеч. множит. аппаратом
320 ## - ПРИМЕЧАНИЯ О НАЛИЧИИ В ДОКУМЕНТЕ БИБЛИОГРАФИИ / УКАЗАТЕЛЯ
Текст примечания Библиогр.: с. 82-83
461 #0 - УРОВЕНЬ НАБОРА
Встроенное поле 001RU\NLR\INFOCOMM17\1000422614
-- 2001#$aОбзоры состояния отдельных вопросов радиоэлектроники$fГос. Ком. Совета Министров СССР по электрон. технике. Отдел науч.-техн. информации$v1967, вып. 18
Системный номер (АБИС) связанной записи 2388672
Место публикации М.
Дата публикации 1961-1969
Первые сведения об ответственности Гос. Ком. Совета Министров СССР по электрон. технике. Отдел науч.-техн. информации
Заглавие Обзоры состояния отдельных вопросов радиоэлектроники
Номер тома 1967, вып. 18
700 #1 - ИМЯ ЛИЦА - ПЕРВИЧНАЯ ОТВЕТСТВЕННОСТЬ
Начальный элемент ввода Спильник
Часть имени, кроме начального элемента ввода А.
701 #1 - ИМЯ ЛИЦА - АЛЬТЕРНАТИВНАЯ ОТВЕТСТВЕННОСТЬ
Начальный элемент ввода Травников
Часть имени, кроме начального элемента ввода Е.
801 #0 - ИСТОЧНИК ЗАПИСИ
Страна Российская Федерация
Организация NLR
Правила каталогизации psbo
801 #1 - ИСТОЧНИК ЗАПИСИ
Страна Российская Федерация
Организация ELAR
Источник данных rusmarc
852 ## - МЕСТОНАХОЖДЕНИЕ И ШИФР ХРАНЕНИЯ
Идентификатор организации NLR
Шифр хранения (Call Number) П10/2487
942 ## - ДОПОЛНИТЕЛЬНЫЕ ЭЛЕМЕНТЫ ЗАПИСИ (АБИС)
Тип экземпляра АБИС Выпуск
980 ## - КОЛЛЕКЦИЯ
Название коллекции Национальная библиография
980 ## - КОЛЛЕКЦИЯ
Название коллекции Русская периодика

Нет доступных экземпляров.